00745nam a2200169 a 4500003000200000005001700002008004100019050003000060100002900090245014500119260009000264300004000354504004100394650004300435650004900478650004800527020250414123743.0060802s19uu xx 00 eng d aPHS LB 1027.23b.V46 2006 aVenzuela, Ma. Camille G. aThe Effects of structured time management skills on the academic performance of graduating upper school students /cMa. Camille G. Venzuela. aLas Piñas City, Philippines :bSouthville International School and Colleges,c2006. a37 pages :billustrations ;c28 cm. aIncludes bibliographical references. aHigh school studentsxTime management. aAcademic achievementxPsychological aspects. aGraduating studentsxEducation (Secondary).